000 00566nam a2200205Ia 4500
003 0100
008 130303s9999 xx 000 0 und d
020 _a415193273
040 _cARRUPELIB
050 _aJC233.M299K371999
245 _aKarl Marx's social and political thought
260 _aNew York
260 _bRoutledge
260 _C1999
300 _av.
650 _bAfrican prose literature (English)
650 _cAfrica - Civilization - sources
700 _aedited by Bob Jessop with Russell Wheatley , Jessop, BobWheatley, Russell
942 0 0 _01
999 _c13763
_d13763